000 00530nam a2200217 a 4500
001 0001-1376
003 ELIB.Books
008 160712 2010 eng
035 _a(ELIB.Books)0001-1531
092 _a230
_bBik
100 _aBik, Edmund Za.
245 _aDoctrine of Sin
_bOriginal Sin Reinterpreted
260 _aYangon
_bMIT
_c2005
300 _a136
_c21 Cm
650 _aTheology
856 _nKBTS Library
_uKBTS: ELIB
942 _2ddc
_cBK
990 _a1
998 _cbat
_e2016-07-12
999 _c11376
_d11376